Magnetism and magnetic materials / (Record no. 5)

000 -LEADER
fixed length control field 00598nam a22002177a 4500
001 - CONTROL NUMBER
control field 5
003 - CONTROL NUMBER IDENTIFIER
control field BD-DhUET
008 - FIXED-LENGTH DATA ELEMENTS--GENERAL INFORMATION
fixed length control field 100921s2010 enka b 001 0 eng d
020 ## - INTERNATIONAL STANDARD BOOK NUMBER
International Standard Book Number 978-0-521-81614-4
040 ## - CATALOGING SOURCE
Original cataloging agency DDC
Transcribing agency UKM
Modifying agency BD-DhUET
082 04 - DEWEY DECIMAL CLASSIFICATION NUMBER
Classification number 538.3
Item number COE/2009
100 1# - MAIN ENTRY--PERSONAL NAME
Personal name Coey, J. M. D.
245 10 - TITLE STATEMENT
Title Magnetism and magnetic materials /
Statement of responsibility, etc. J.M.D. Coey.
260 ## - PUBLICATION, DISTRIBUTION, ETC. (IMPRINT)
Place of publication, distribution, etc. Cambridge :
Name of publisher, distributor, etc. Cambridge University Press,
Date of publication, distribution, etc. 2009.
300 ## - PHYSICAL DESCRIPTION
Extent xii, 614 p. :
500 ## - GENERAL NOTE
General note With tables printed on endpapers.
504 ## - BIBLIOGRAPHY, ETC. NOTE
Bibliography, etc Includes bibliographies
650 #0 - SUBJECT ADDED ENTRY--TOPICAL TERM
Topical term or geographic name as entry element Magnetism.
650 #0 - SUBJECT ADDED ENTRY--TOPICAL TERM
Topical term or geographic name as entry element Magnetic materials.
942 ## - ADDED ENTRY ELEMENTS (KOHA)
Koha item type General Book
Holdings
Price effective from Koha out on loan Koha renewals Copy number Koha issues (times borrowed) Koha item type Not for loan Withdrawn status Source of classification or shelving scheme Damaged status Lost status Sublocation or collection (holding branch) Piece designation (barcode) Koha normalized classification for sorting Koha full call number Date acquired Koha date last borrowed Location (home branch) Koha date last seen Shelving location
2014-07-132026-11-11216General Book     Central Library, BUET110527538_300000000000000_COE_2009538.3/COE/20092014-07-132025-11-11Central Library, BUET2025-11-11Circulation section